000 00478nam a2200157 i 4500
001 71641
003 ES-MaACL
005 20230906171203.0
007 t|
008 040813s1912 fr |||| | fre d
100 1 _aChardon, Henri.
_938069
245 1 3 _aLe statut des fonctionnaires
_b: l'avancement, son organisation, les garanties /
_cHenri Chardon.
260 _a[S.l. :
_bs.n.,
_c1912] (
_eLaval :
_fL. Barnéoud)
300 _a930 p. ;
_c25 cm.
852 _aES-MaACL
_jF-7764
999 _c71641
_d71641